animé - Statistiques

Statistiques générales
  • Ce quiz a été pris 563 fois
  • Le résultat moyen est 4 sur 8
Statistiques - réponses
Question Réponse % Correct
Je suis venu sur Terre afin de la détruire mais dans le fond je suis gentil, ah oui, je suis professeur aussi. Assassination Classroom
99%
Parti pour la capital, je me suis retrouvé enrôlé dans un gang, dont le but est d'exterminer les crapules corrompues de cette dernière. Dans cet animé, j'ai perdu mes amis à cause d'une mignonne petite fille mais comme on dit, l'habit ne fait pas le moine. Akama Ga Kill
56%
Je suis un survival, mon créateur a parié sur ma suite et aujourd'hui je ne suis pas terminé. Un seul objectif, rester en vie dans ce jeu vidéo devenu réalité où le héro est un neard. btoom
56%
Pour que vous me regardiez, et ne pas vous spoiler nous allons dire que je suis une poupée mais chaque jour passé un de vous va tomber tant que le coupable ne sera pas démasqué danganroopa
56%
Je suis un survival où chacun possède un pouvoir différent et si vous me connaissez vous devriez connaitre la fameuse phrase "do you know yuki ?" mirai nikki
49%
Je suis à la recherche du meurtrier de mon père. Si vous vous mettez sur mon chemin je vous le ferais payer très cher et ceux malgré mon jeune âge. Kill la kill
45%
Je suis un lycéen comme les autres jusqu'au jour où j'ai rencontré une sphère de la taille d'une balle de tennis. Je suis, selon le créateur de ce quizz, le reflet de l'Homme et de ce qu'il mange. parasyte
26%
Je suis un animé d'horreur psychologique, on ne sait jamais ce qui est réel ou ne l'ai pas, et ceux, jusqu'à la fin. higurashi
21%
Aucun quiz correspondant
Distribution des résultats
% des personnes avec chaque résultat
Percentile par nombre de réponses
Votre historique - résultats
Vous n’avez pas pris ce quiz